| 000 | 006630000a22001810004500 | ||
|---|---|---|---|
| 003 | MACL | ||
| 005 | 20160512132234.0 | ||
| 008 | 160512b xxu||||| |||| 00| 0 eng d | ||
| 040 |
_aMACL _cMACL |
||
| 041 | _aHindi | ||
| 082 | _a800 | ||
| 100 |
_aडॉ प्रसाद, सुरेन्द्र _956352 |
||
| 245 | _aसाठोत्तरी हिन्दी कहानी साहित्य में चित्रित ग्रामीण समस्याऍ | ||
| 260 |
_aजयपुर _bपंचशील प्रकाशन _c2010 |
||
| 350 | _a300 | ||
| 650 |
_aLiteracture _956353 |
||
| 942 |
_cHIN _k800/PRA _2ddc |
||
| 999 |
_c48985 _d48985 |
||